Psicología del aprendizaje

Gespeichert in:
Bibliographische Detailangaben
1. Verfasser: Berger, Robert L.
Weitere Verfasser: A.E.M. Seaborne
Format: Buch
Sprache:Spanisch
Veröffentlicht: Barcelona. Fontanella. 1971.
Schlagworte:
Tags: Tag hinzufügen
Keine Tags, Fügen Sie den ersten Tag hinzu!

MARC

LEADER 00000nam a22000005a 4500
001 15274
003 CL-ChBUA
005 20120815103543.0
008 070301s1971 sp 000 0dspa
040 |a CL-ChBUA  |c CL-ChBUA 
082 0 0 |a 153.15 
090 |c 15274  |d 15274 
100 1 |a Berger, Robert L. 
245 1 0 |a Psicología del aprendizaje 
260 |b Fontanella.  |a Barcelona.  |c 1971. 
300 |a 226 p.  |c 23 cm. 
504 |a Bibl.; índice. 
650 4 |a PSICOLOGIA DEL APRENDIZAJE. 
650 4 |a APRENDIZAJE. 
700 1 |a A.E.M. Seaborne. 
942 |c LIB 
952 |0 0  |1 0  |4 0  |7 0  |9 21350  |a UNACH  |b UNACH  |c 100  |d 2007-03-05  |i 8.998.  |l 2  |o 153.15 / B 782.  |p 22349  |r 2025-07-31 10:14:48  |s 2024-07-18  |u 21350  |w 2012-08-08  |y LIB  |k 153.15 / B 782. 
999 |c 15274  |d 15274